<?xml version="1.0" encoding="UTF-8"?><?xml-stylesheet type="text/xsl" href="static/style.xsl"?><OAI-PMH xmlns="http://www.openarchives.org/OAI/2.0/" xmlns:xsi="http://www.w3.org/2001/XMLSchema-instance" xsi:schemaLocation="http://www.openarchives.org/OAI/2.0/ http://www.openarchives.org/OAI/2.0/OAI-PMH.xsd"><responseDate>2026-04-13T01:07:17Z</responseDate><request verb="GetRecord" identifier="oai:www.recercat.cat:2072/486702" metadataPrefix="marc">https://recercat.cat/oai/request</request><GetRecord><record><header><identifier>oai:recercat.cat:2072/486702</identifier><datestamp>2025-09-17T08:38:04Z</datestamp><setSpec>com_2072_98</setSpec><setSpec>col_2072_378192</setSpec></header><metadata><record xmlns="http://www.loc.gov/MARC21/slim" xmlns:dcterms="http://purl.org/dc/terms/" xmlns:xsi="http://www.w3.org/2001/XMLSchema-instance" xmlns:doc="http://www.lyncode.com/xoai" xsi:schemaLocation="http://www.loc.gov/MARC21/slim http://www.loc.gov/standards/marcxml/schema/MARC21slim.xsd">
   <leader>00925njm 22002777a 4500</leader>
   <datafield ind2=" " ind1=" " tag="042">
      <subfield code="a">dc</subfield>
   </datafield>
   <datafield ind2=" " ind1=" " tag="720">
      <subfield code="a">Fernández Cortés, Rosa</subfield>
      <subfield code="e">author</subfield>
   </datafield>
   <datafield ind2=" " ind1=" " tag="720">
      <subfield code="a">Moreno Almela, Emilia</subfield>
      <subfield code="e">author</subfield>
   </datafield>
   <datafield ind2=" " ind1=" " tag="720">
      <subfield code="a">Figueroa Torices, Natàlia</subfield>
      <subfield code="e">author</subfield>
   </datafield>
   <datafield ind2=" " ind1=" " tag="720">
      <subfield code="a">Calle Garcia, Cristina</subfield>
      <subfield code="e">author</subfield>
   </datafield>
   <datafield ind2=" " ind1=" " tag="720">
      <subfield code="a">Navarro Palà, Maria</subfield>
      <subfield code="e">author</subfield>
   </datafield>
   <datafield ind2=" " ind1=" " tag="720">
      <subfield code="a">Tena Gallego, Èlia</subfield>
      <subfield code="e">author</subfield>
   </datafield>
   <datafield ind2=" " ind1=" " tag="260">
      <subfield code="c">2025</subfield>
   </datafield>
   <datafield ind2=" " ind1=" " tag="520">
      <subfield code="a">Aquest article s'ha desenvolupat amb el recolzament del grup de recerca SGR ACELEC ref.2021 SGR 00647 (Generalitat de Catalunya).</subfield>
   </datafield>
   <datafield ind2=" " ind1=" " tag="520">
      <subfield code="a">Aquest article presenta una proposta didàctica per a treballar les plantes i les seves necessitats a l'etapa d'educació infantil, mitjançant una situació d'aprenentatge que busca involucrar els infants en les pràctiques científiques. El projecte, s'ha desenvolupat amb alumnat de tots els cursos d'infantil de l'Escola Lola Anglada. La proposta convida als infants a fer de científics i científiques a través d'un procés que inclou la formulació d'hipòtesis, l'observació, l'experimentació i la comunicació dels resultats. A partir de la pregunta "què necessita una planta per viure?", es plantegen investigacions sobre variables com l'aigua, la llum, l'aire i la qualitat del sòl. El treball fomenta l'adquisició de coneixements i pràctiques científiques, el desenvolupament de la identitat STEM i la comprensió de la naturalesa de la ciència des de les primeres edats.</subfield>
   </datafield>
   <datafield ind2=" " ind1=" " tag="520">
      <subfield code="a">This article presents a teaching proposal for exploring plants and their needs in early childhood education through a teaching and learning sequence based on scientific practice.The project, carried out at Escola Lola Anglada, was implemented with all preschool students. The proposal invites children to act as scientists through a process that includes formulating hypotheses, observing, experimenting, and communicating results. Based on the question "What does a plant need to live?", the children conduct investigations into variables such as water, light, air, and soil quality. The work fosters the acquisition of scientific knowledge, the development of STEM identity, and an understanding of the nature of science from an early age.</subfield>
   </datafield>
   <datafield ind2=" " ind1=" " tag="520">
      <subfield code="a">Este artículo presenta una propuesta didáctica para trabajar las plantas y sus necesidades en la etapa de educación infantil, mediante una situación de aprendizaje que busca involucrar a los niños en las prácticas científicas. El proyecto, se ha desarrollado con alumnado de todos los cursos de infantil de la Escola Lola Anglada. La propuesta invita a los niños a hacer de científicos y científicas a través de un proceso que incluye la formulación de hipótesis, la observación, la experimentación y la comunicación de los resultados. A partir de la pregunta "¿qué necesita una planta para vivir?", se plantean investigaciones sobre variables como el agua, la luz, el aire y la calidad del suelo. El trabajo fomenta la adquisición de conocimientos y prácticas científicas, el desarrollo de la identidad STEM y la comprensión de la naturaleza de la ciencia desde sus primeras edades.</subfield>
   </datafield>
   <datafield ind1="8" ind2=" " tag="024">
      <subfield code="a">http://hdl.handle.net/2072/486702</subfield>
   </datafield>
   <datafield tag="653" ind2=" " ind1=" ">
      <subfield code="a">Educació infantil</subfield>
   </datafield>
   <datafield tag="653" ind2=" " ind1=" ">
      <subfield code="a">Ciència escolar</subfield>
   </datafield>
   <datafield tag="653" ind2=" " ind1=" ">
      <subfield code="a">Plantes</subfield>
   </datafield>
   <datafield tag="653" ind2=" " ind1=" ">
      <subfield code="a">Pràctica científica</subfield>
   </datafield>
   <datafield tag="653" ind2=" " ind1=" ">
      <subfield code="a">Educación infantil</subfield>
   </datafield>
   <datafield tag="653" ind2=" " ind1=" ">
      <subfield code="a">Ciencia escolar</subfield>
   </datafield>
   <datafield tag="653" ind2=" " ind1=" ">
      <subfield code="a">Plantas</subfield>
   </datafield>
   <datafield tag="653" ind2=" " ind1=" ">
      <subfield code="a">Práctica científica</subfield>
   </datafield>
   <datafield tag="653" ind2=" " ind1=" ">
      <subfield code="a">Early Childhood Education</subfield>
   </datafield>
   <datafield tag="653" ind2=" " ind1=" ">
      <subfield code="a">Science Education</subfield>
   </datafield>
   <datafield tag="653" ind2=" " ind1=" ">
      <subfield code="a">Plants</subfield>
   </datafield>
   <datafield tag="653" ind2=" " ind1=" ">
      <subfield code="a">Scientific practices</subfield>
   </datafield>
   <datafield ind2="0" ind1="0" tag="245">
      <subfield code="a">Fem ciència, fem de científics i científiques : una recerca a infantil sobre què necessiten les plantes per a viure</subfield>
   </datafield>
</record></metadata></record></GetRecord></OAI-PMH>